Province Tirreniche - Morte improvvisa - Statistics

Statistiche generali
  • Questo quiz è stato fatto 182 volte
  • Il punteggio medio è 7 su 15
Answers on the Grid
Answers color-coded by a green-red scale on the quiz's grid according to % correct below.
Imperia
Genova
Lucca
Pisa
Grosseto
Viterbo
Latina
Salerno
Cosenza
Catanzaro
Vibo Valentia
Messina
Trapani
Cagliari
Nuoro
Cuneo
Parma
Pistoia
Siena
Rieti
Frosinone
Avellino
Matera
Crotone
Ragusa
Enna
Agrigento
Lecce
Foggia
Trento
 
Statistiche sulle risposte
Risposta % Corretto
Latina
61%
Salerno
61%
Grosseto
56%
Cagliari
54%
Genova
54%
Pisa
54%
Imperia
44%
Messina
43%
Trapani
42%
Nuoro
41%
Catanzaro
39%
Viterbo
39%
Vibo Valentia
38%
Cosenza
37%
Lucca
34%
Nessun quiz corrispondente trovato
Distribuzione punteggi
Percentuale di utenti per punteggio
Percentile per numero di risposta
I tuoi punteggi nel tempo
Non hai fatto questo quiz